Tiểu thuyết đề tài chiến tranh của các nhà văn nữ Việt Nam từ góc nhìn phân tâm học
Cá tính nữ trong văn xuôi đề tài chiến tranh từ góc nhìn phân tâm học. Thế giới nhân vật trong tiểu thuyết đề tài chiến tranh của các nhà văn nữ Việt Nam từ góc nhìn phân tâm học. Nghệ thuật biểu hiện trong tiểu thuyết đề tài chiến tranh của các nhà văn nữ Việt Nam từ góc nhìn phân tâm học.....
Shranjeno v:
| Glavni avtor: | |
|---|---|
| Drugi avtorji: | |
| Format: | Knjiga |
| Jezik: | Vietnamese |
| Izdano: |
Đà Nẵng
Đại học Đà Nẵng
2014
|
| Teme: | |
| Oznake: |
Označite
Brez oznak, prvi označite!
|
| Thư viện lưu trữ: | Mạng thư viện Đại học Đà Nẵng |
|---|
| LEADER | 01867nam a2200349 4500 | ||
|---|---|---|---|
| 001 | 000020128 | ||
| 003 | 16570 | ||
| 005 | 20150302150332.0 | ||
| 008 | 150127s2014 viesd | ||
| 041 | |a vie | ||
| 082 | 1 | 4 | |a 895.9223008 |b NG-M |
| 100 | 1 | |a Nguyễn Thị Thanh Mến | |
| 245 | 1 | |a Tiểu thuyết đề tài chiến tranh của các nhà văn nữ Việt Nam từ góc nhìn phân tâm học |c Nguyễn Thị Thanh Mến ; Lê Thị Hường hướng dẫn. |k Luận văn Thạc sĩ | |
| 260 | |a Đà Nẵng |b Đại học Đà Nẵng |c 2014 | ||
| 300 | |a 103 tr., phụ lục 7 tr. |c 29 cm. |e Tóm tắt | ||
| 500 | |a Luận văn thạc sĩ Khoa học. Chuyên ngành: Văn học Việt Nam. Mã số: 60.22.34 | ||
| 520 | |a Cá tính nữ trong văn xuôi đề tài chiến tranh từ góc nhìn phân tâm học. Thế giới nhân vật trong tiểu thuyết đề tài chiến tranh của các nhà văn nữ Việt Nam từ góc nhìn phân tâm học. Nghệ thuật biểu hiện trong tiểu thuyết đề tài chiến tranh của các nhà văn nữ Việt Nam từ góc nhìn phân tâm học.. | ||
| 650 | 0 | 4 | |a Tiểu thuyết Việt Nam |v Luận văn tốt nghiệp |x Chiến tranh |x Nghiên cứu |
| 653 | |a Văn học Việt Nam | ||
| 653 | |a Tiểu thuyết Việt Nam | ||
| 653 | |a Chiến tranh | ||
| 700 | 1 | |a Lê Thị Hường |c TS. |e Hướng dẫn | |
| OWN | |a LSP | ||
| AVA | |a UDN50 |b LSP |d 895.9223008 NG-M |e available |t Error 5001 Not defined in file expand_doc_bib_avail. |f 1 |g 0 |h N |i 0 |k 1 | ||
| 999 | |a From the UDN01 | ||
| AVA | |a UDN50 |b LSP |d 895.9223008 NG-M |e available |t Error 5001 Not defined in file expand_doc_bib_avail. |f 1 |g 0 |h N |i 0 |k 1 | ||
| TYP | |a Monograph | ||
| TYP | |a Printed language | ||
| 980 | |a Mạng thư viện Đại học Đà Nẵng | ||